| 000 | 00473nam a2200145 a 4500 | ||
|---|---|---|---|
| 001 | 000041881 | ||
| 005 | 20201002035817.0 | ||
| 008 | 131021s2000 dr 000 0 spa d | ||
| 040 |
_aDO-SdBNP _bspa _cBNPHU |
||
| 082 |
_axxxx _bxxx |
||
| 245 | 0 | 0 | _aResumen de los aspectos principales de las NICS 35 a 39. |
| 260 |
_aSanto Domingo, : _bICPARD, _c2000. |
||
| 300 |
_a159 p. ; _c21 cm. |
||
| 710 | 2 |
_aInstituto de Contadores Públicos Autorizados de la República Dominicana _97118 |
|
| 999 |
_c41370 _d41370 |
||